00750cam a2200217u 450000100060000000300080000600500170001400800390003103500190007004000330008904100080012208200250013011000520015524501600020726000610036730000460042850400200047465000120049465000120050665000140051813348BD-RjUL20211208235436.0140130t1962 ohua 001 0 eng a(BD-RjUL)13399 aDLCcCarPdDLCdBD-RjULbeng aeng04216a620.16bAMS 19622 aAmerican Society for Metals. [from old catalog]10aStrengthening mechanisms in solids :bpapers presented at the seminar of the American Society for Metals /cAmerican Society for Metals. [from old catalog] aMetals Park, Ohio :cc1962bAmerican society for metals, aviii, 416 p. :billus., diagrs. ;c24 cm. aIncludes index. 0aMetals. 0aAlloys. 0aHardness.